| 000 | 01416nam2a22002891 4500 | ||
|---|---|---|---|
| 001 | rc\269113 | ||
| 005 | 20250612175506.0 | ||
| 010 |
_a5-01-004098-0 _950000 |
||
| 035 | _a(NLR Aleph) 008765565 | ||
| 090 |
_a7891967 _c7891967 |
||
| 100 | _a20030307d1993 |||y0rusy50 ca | ||
| 101 | 0 | _arus | |
| 102 | _aRU | ||
| 105 | _aa ||||||||| | ||
| 200 | 1 |
_aРоманы _fПер. с польского В. Селивановой |
|
| 210 |
_d1993 _aБ. м. |
||
| 215 |
_a667, [2] с. _cил. |
||
| 327 | 1 | _aСодерж.: Подозреваются все; Что сказал покойник | |
| 461 | 0 |
_1001rc\269111 _12001#$aИзбранное$eВ 2 т.$eПер. с польского$fИоанна Хмелевская$g[Ред. Л.Е. Гвозд$gХудож. Г.А. Семенова]$vТ. 2 _1700#1$aХмелевская$bИ.$f1932-2013$gИоанна$3RU\NLR\AUTH\77319$4070 _97879596 _aХмелевская, И. (1932-2013) _cМ. _d1993 _fИоанна Хмелевская _nПрогресс. Бестселлер _oВ 2 т. : Пер. с польского _tИзбранное _y5010040972 _vТ. 2 |
|
| 464 | 0 |
_12001#$aПодозреваются все _tПодозреваются все |
|
| 464 | 0 |
_12001#$aЧто сказал покойник _tЧто сказал покойник |
|
| 801 | 0 |
_aRU _bNLR _gpsbo |
|
| 801 | 1 |
_aRU _bELAR _2rusmarc |
|
| 852 |
_aNLR _j93-2/745 |
||
| 942 | _cBOOK | ||
| 980 | _aNB | ||